000 00797nam a2200229 i 4500
001 157236
003 ES-MaACL
005 20231111062532.0
008 990201s1869 fr |||| | fre d
040 _aCCPB | B
_bspa
_cCCPB | B
100 1 _aLatour, Antoine de (
_d1808-1881)
_9128733
245 1 0 _aEspagne
_b: traditions, moeurs et littérature : nouvelles études /
_cpar Antoine de Latour.
260 _aParis :
_bDidier et Cie.,
_c1869 (
_fImp. Simon Raçon et Comp.)
300 _a[4], III, 375 p. ;
_c19 cm.
596 _aMarca tip. en port.
597 _aAntep.
650 4 _aLiteratura española-
_xHistoria y crítica
_914560
651 4 _aEspaña-
_xUsos y costumbres.
_98515
752 _aFrancia -
_dParís
852 _aES-MaACL
_jF-2983
_z- Rúst.
999 _c157236
_d157236